[Event "5th Shamkir Chess 2018"]
[Site "Shamkir"]
[Date "2018.04.23"]
[Round "5"]
[White "Mamedov, Rauf"]
[Black "Karjakin, Sergey"]
[Result "1/2-1/2"]
[WhiteElo "2704"]
[BlackElo "2778"]
[Annotator "TA"]
[PlyCount "69"]
[EventDate "2018.??.??"]
[EventType "tourn"]
[EventCountry "AZE"]
[SourceTitle "playchess.com"]
[Source "ChessBase"]
[SourceQuality "1"]

{[%evp 19,69,0,1,0,0,-9,-16,-10,-10,0,0,0,0,0,0,0,0,0,0,0,0,0,0,0,0,0,0,0,0,0,0,0,0,-6,-6,-6,-6,-6,-6,-6,-6,-6,-6,-6,-6,-6,0,-6,0,-6,0,-6]} 1. e4 c5 2. Nf3 d6 3. Bb5+ Nd7 4. O-O a6 5. Bd3 Ngf6 6. Re1 {B51: Sicilian: Moscow Variation (3 Bb5+) without 3...Bd7} b5 7. c3 Bb7 8. Bc2 c4 9. a4 e6 10. axb5 axb5 {LiveBook: 17 Games. The position is equal.} 11. Rxa8 Qxa8 12. Na3 Bxe4 13. Bxe4 Nxe4 {[#]} 14. d3 $146 cxd3 15. Nxb5 Qb7 16. c4 d5 17. cxd5 exd5 18. Qb3 Ndc5 19. Qxd5 Qxd5 20. Nc7+ Kd7 21. Nxd5 Bd6 22. b4 Nb3 {[#] Strongly threatening ...d2.} 23. Rxe4 {Hoping for Be3.} Nxc1 24. Rc4 Ne2+ 25. Kf1 Rb8 26. Ne1 $132 {[%mdl 2048] [#] White puts up resistance} Nf4 $1 {[%mdl 512]} 27. Nxf4 (27. Rxf4 Bxf4) 27... d2 28. Ke2 dxe1=B (28... dxe1=Q+ {seems wilder.} 29. Kxe1 Rxb4 30. Rxb4 Bxb4+ 31. Ke2 Bd6) 29. Kxe1 Rxb4 30. Rxb4 Bxb4+ $11 {KB-KN} 31. Ke2 Bd6 32. Kf3 Bb4 33. Ke2 Bd6 34. Kf3 Bb4 35. Ke2 {Precision: White = 71%, Black = 71%.} 1/2-1/2

[Event "5th Shamkir Chess 2018"]
[Site "Shamkir"]
[Date "2018.04.25"]
[Round "6"]
[White "Ding, Liren"]
[Black "Mamedyarov, Shakhriyar"]
[Result "1/2-1/2"]
[WhiteElo "2778"]
[BlackElo "2814"]
[Annotator "TA"]
[PlyCount "74"]
[EventDate "2018.??.??"]
[EventType "tourn"]
[EventCountry "AZE"]
[SourceTitle "playchess.com"]
[Source "ChessBase"]
[SourceQuality "1"]

{[%evp 15,74,15,37,20,26,29,12,21,32,28,29,13,18,18,25,0,0,0,22,16,19,15,31,32,33,26,29,36,35,0,0,0,0,0,18,0,0,0,0,0,0,0,0,0,0,0,0,0,0,0,0,0,0,0,0,0,0,0,0,0,0]} 1. c4 Nf6 2. Nc3 e6 3. Nf3 d5 4. d4 Be7 5. Bg5 O-O 6. e3 Nbd7 7. Be2 h6 8. Bh4 {D60: Queen's Gambit Declined: Classical: Unusual White 7th moves} c5 {LiveBook: 3 Games} 9. cxd5 (9. O-O dxc4 10. Bxc4 cxd4 11. Nxd4 Ne5 12. Be2 Bd7 13. Qb3 Qb6 14. Qxb6 axb6 15. Bg3 Nc6 {½-½ (40) So,W (2792)-Giri,A (2752) Wijk aan Zee 2018}) 9... Nxd5 10. Bxe7 {White has an edge.} Nxe7 11. O-O cxd4 $146 ({Predecessor:} 11... b6 12. dxc5 Nxc5 13. b4 Nd7 14. Rc1 Bb7 15. Nb5 Nf6 {½-½ (99) Sundararajan,K (2422)-Landa,K (2611) Reykjavik 2017}) 12. Nxd4 Nf6 13. Qb3 Qa5 14. a3 (14. a4 {is more complex.} Bd7 15. Rfd1 Rfd8 16. Qa3 Nf5 17. b4) 14... Rd8 15. Qb4 (15. Rfd1 {is interesting.} Rb8 16. Qb5 Qc7 17. Qb4 a5 18. Qb3) 15... Qxb4 16. axb4 Nc6 17. Nc2 Rd2 18. Rfc1 Nd5 19. Nxd5 exd5 20. b5 Rxe2 21. bxc6 {aiming for Kf1.} d4 $1 22. exd4 {[#] Black must now prevent c7.} bxc6 {The position is equal.} 23. Kf1 Re4 24. f3 Rh4 25. Nb4 Bd7 26. Nxc6 Bxc6 27. Rxc6 Rxd4 $11 {[%mdl 4096] Endgame KRR-KRR} 28. Rc2 a5 29. b3 Rb4 30. Ra3 Rab8 31. Rxa5 Rxb3 32. Kf2 Rb2 33. Rxb2 Rxb2+ 34. Kf1 Rb1+ 35. Kf2 Rb2+ 36. Kf1 Rb1+ 37. Kf2 Rb2+ {Precision: White = 69%, Black = 73%.} 1/2-1/2

[Event "5th Shamkir Chess 2018"]
[Site "Shamkir"]
[Date "2018.04.25"]
[Round "6"]
[White "Karjakin, Sergey"]
[Black "Carlsen, Magnus"]
[Result "1/2-1/2"]
[WhiteElo "2778"]
[BlackElo "2843"]
[Annotator "TA"]
[PlyCount "59"]
[EventDate "2018.??.??"]
[EventType "tourn"]
[EventCountry "AZE"]
[SourceTitle "playchess.com"]
[Source "ChessBase"]
[SourceQuality "1"]

{[%evp 36,59,27,31,25,17,26,17,26,25,25,32,27,20,21,21,15,2,23,15,23,0,17,0,20,0]} 1. e4 e5 2. Nf3 Nc6 3. Bb5 {[%cal Bf1b5,Bb5a4,Ba4b3][%mdl 32]} a6 4. Ba4 Nf6 5. O-O Be7 6. Re1 b5 7. Bb3 O-O 8. c3 d5 9. exd5 Nxd5 10. Nxe5 Nxe5 11. Rxe5 c6 12. d3 Bd6 13. Re1 Bf5 14. Qf3 Qh4 {C89: Closed Ruy Lopez: Marshall Attack} 15. g3 Qh3 16. Be3 Bxd3 17. Nd2 Qf5 18. Bd4 Rfe8 19. a4 {LiveBook: 13 Games} Kf8 20. h4 {[#]} h6 $146 ({Predecessor:} 20... Rxe1+ 21. Rxe1 f6 22. Qxf5 Bxf5 {½-½ (33) Vachier Lagrave,M (2796)-Carlsen,M (2832) Paris 2017}) 21. Qxf5 Bxf5 22. Rxe8+ Rxe8 23. axb5 axb5 24. Ra6 Ne7 25. Be3 Kg8 26. Ba2 Rd8 27. Bb6 Re8 28. Be3 Rd8 29. Bb6 Re8 30. Be3 1/2-1/2

[Event "5th Shamkir Chess 2018"]
[Site "Shamkir"]
[Date "2018.04.25"]
[Round "6"]
[White "Giri, Anish"]
[Black "Navara, David"]
[Result "1-0"]
[WhiteElo "2777"]
[BlackElo "2745"]
[Annotator "TA"]
[PlyCount "55"]
[EventDate "2018.??.??"]
[EventType "tourn"]
[EventCountry "AZE"]
[SourceTitle "playchess.com"]
[Source "ChessBase"]
[SourceQuality "1"]

{[%evp 21,55,29,19,17,17,10,10,8,39,52,43,40,48,47,41,58,36,49,96,102,117,132,145,106,79,0,622,497,510,504,507,481,508,494,554,553]} 1. e4 c6 {[%cal Bc7c6,Bc6c5][%mdl 32]} 2. d4 d5 3. e5 Bf5 4. Nf3 e6 5. Be2 c5 6. Be3 Qb6 7. Nc3 Nc6 8. Na4 {B12: Caro-Kann: Advance Variation} Qa5+ 9. c3 cxd4 10. Nxd4 Nxd4 11. Bxd4 Ne7 {LiveBook: 8 Games} 12. O-O Nc6 $1 13. b4 Qc7 14. Rc1 Be7 {[#]} 15. g4 $146 ({Predecessor:} 15. b5 Nxd4 16. cxd4 {1-0 (32) Bok,B (2611)-Saltaev,M (2477) Germany 2018}) 15... Be4 16. f3 {[%cal Bf2f3,Bf3f4][%mdl 32]} Bg6 17. f4 Be4 18. Nc5 a5 19. Be3 $36 {[%mdl 2048] White is pushing.} axb4 20. cxb4 Ra3 (20... Rxa2 $2 21. Nxe4 Bxb4 22. Nc3 $18) ({Don't play} 20... Bxc5 $6 21. Bxc5 Rxa2 22. Ra1 $11) 21. Bf2 {Black must now prevent b5.} Bxc5 ({Not} 21... Rxa2 $2 22. Nxe4 Bxb4 23. Nc3) 22. Bxc5 {[#] And now b5 would win.} Rxa2 23. b5 (23. Ra1 $16 Rxa1 24. Qxa1) 23... Bc2 $2 {[%mdl 8192]} (23... Na5 $11) 24. b6 {White is clearly winning.} Bxd1 25. bxc7 Kd7 26. Bxd1 Kxc7 27. Bd6+ Kd7 28. Rb1 {Precision: White = 83%, Black = 58%.} 1-0

[Event "5th Shamkir Chess 2018"]
[Site "Shamkir"]
[Date "2018.04.25"]
[Round "6"]
[White "Topalov, Veselin"]
[Black "Mamedov, Rauf"]
[Result "1/2-1/2"]
[WhiteElo "2749"]
[BlackElo "2704"]
[Annotator "TA"]
[PlyCount "81"]
[EventDate "2018.??.??"]
[EventType "tourn"]
[EventCountry "AZE"]
[SourceTitle "playchess.com"]
[Source "ChessBase"]
[SourceQuality "1"]

{[%evp 35,81,33,20,18,39,32,19,30,23,0,0,-8,27,27,30,29,48,45,38,0,0,0,3,0,14,14,18,0,44,44,50,50,45,45,54,52,47,26,15,0,8,0,0,0,0,0,0,0]} 1. e4 c5 2. Nf3 Nc6 3. d4 cxd4 4. Nxd4 Nf6 5. Nc3 e5 6. Ndb5 d6 7. Bg5 a6 8. Na3 b5 9. Bxf6 gxf6 10. Nd5 f5 11. Bd3 Be6 12. O-O Bxd5 13. exd5 Ne7 14. Re1 {B33: Sicilian: Pelikan and Sveshnikov Variations} Bg7 15. c3 O-O 16. Nc2 Re8 17. Qh5 e4 18. Bf1 Nxd5 {LiveBook: 16 Games} 19. Qxf5 Re5 20. Qh3 Qb6 (20... Qf6 21. a4 Nf4 {½-½ (34) Sjugirov,S (2652)-Mamedov,R (2709) Batumi 2018}) 21. Rad1 Rae8 {[#]} 22. Rxe4 $146 ({Predecessor:} 22. Rd4 R8e6 23. Qg4 h5 24. Qd1 Rf5 25. Rd2 {½-½ (25) Szczepanski,Z (2514)-Mokrys,C (2486) ICCF email 2015}) 22... Rxe4 23. Rxd5 h6 (23... Qa5 {is more complex.} 24. a3 Qa4 25. Ne3 Qb3 26. Rd2 R4e5) 24. Qd3 R8e6 25. g3 R4e5 26. Bg2 b4 {[#] Hoping for ...Re2.} 27. cxb4 Re2 28. Rf5 {And now Bd5 would win.} Qc7 $132 {[%mdl 2048] Black puts up resistance} ({But not} 28... Bxb2 $2 29. Bd5 $18) 29. Ne3 $1 Qc1+ 30. Bf1 $1 Rxb2 31. a3 Ra2 32. Qd5 Rxa3 33. Kg2 Raxe3 34. fxe3 Qxe3 35. Bxa6 Qe4+ 36. Qxe4 (36. Kh3 {seems wilder.} Re7 37. Bf1 Qe6 38. Qa8+ Re8 39. Qf3) 36... Rxe4 37. Rb5 {[#] Black must now prevent Rb8+.The position is equal.} Kf8 38. Bb7 Re2+ 39. Kh3 Bd4 40. Bf3 Rb2 41. Rd5 {Precision: White = 53%, Black = 63%.} 1/2-1/2

[Event "5th Shamkir Chess 2018"]
[Site "Shamkir"]
[Date "2018.04.25"]
[Round "6"]
[White "Radjabov, Teimour"]
[Black "Wojtaszek, Radoslaw"]
[Result "1/2-1/2"]
[WhiteElo "2748"]
[BlackElo "2744"]
[Annotator "TA"]
[PlyCount "69"]
[EventDate "2018.??.??"]
[EventType "tourn"]
[EventCountry "AZE"]
[SourceTitle "playchess.com"]
[Source "ChessBase"]
[SourceQuality "1"]

{[%evp 30,69,0,0,0,0,0,0,0,8,6,6,3,5,15,0,0,0,0,0,0,0,7,0,0,0,0,0,0,0,0,0,0,0,0,0,0,0,0,0,0,0]} 1. e4 c5 2. Nf3 d6 3. d4 cxd4 4. Nxd4 Nf6 5. Nc3 a6 6. Bg5 e6 7. f4 Qb6 8. Qd2 Qxb2 9. Rb1 Qa3 10. e5 h6 11. Bh4 dxe5 {B97: Sicilian Najdorf: Poisoned Pawn} 12. fxe5 g5 (12... Nfd7 13. Ne4 Qxa2 14. Rd1 Qd5 15. Qe3 Qxe5 16. Be2 Bc5 17. O-O Nc6 18. c3 O-O 19. Bg3 {0-1 (47) Dubov,D (2701)-Sjugirov,S (2652) Batumi 2018}) 13. exf6 gxh4 14. Be2 Qa5 15. O-O Nd7 {[%cal Bb8d7,Bd7f6,Bf6e4,Be4d2][%mdl 32]} 16. Kh1 {LiveBook: 33 Games. The position is equal.} Qg5 17. Qe1 Nxf6 18. Nf3 Qg7 $1 19. Ne5 Be7 $146 20. Na4 {[#] Nb6 is the strong threat.} O-O ({Much worse is} 20... Rg8 $6 21. Bf3 $16) 21. Nb6 $1 {[%cal Rb6a8]} Rb8 $1 22. Rb3 Ne4 23. Ned7 $1 {[%cal Rd7b8]} Bxd7 $1 24. Nxd7 Qg5 {next ...Nd2 is good for Black.} 25. Nxb8 Rxb8 26. Bh5 Nd2 27. Rxf7 Nxb3 28. Qxe6 {[#] Threatening mate with Rf8+!} Kh8 {( -> ...Qc1+)} 29. Rxe7 Rf8 {[%cal Rf8f1]} 30. Kg1 Qxh5 31. cxb3 Qd1+ 32. Qe1 Qd4+ 33. Qe3 Qd1+ 34. Qe1 Qd4+ 35. Qe3 {Precision: White = 88%, Black = 100%.} 1/2-1/2

[Event "5th Shamkir Chess 2018"]
[Site "Shamkir"]
[Date "2018.04.26"]
[Round "7"]
[White "Carlsen, Magnus"]
[Black "Topalov, Veselin"]
[Result "1-0"]
[WhiteElo "2843"]
[BlackElo "2749"]
[Annotator "TA"]
[PlyCount "87"]
[EventDate "2018.??.??"]
[EventType "tourn"]
[EventCountry "AZE"]
[SourceTitle "playchess.com"]
[Source "ChessBase"]
[SourceQuality "1"]

{[%evp 14,87,0,-8,10,10,35,0,-16,0,0,-8,-16,-9,-9,-46,0,0,-1,0,9,5,13,3,10,8,10,17,14,0,8,4,21,21,27,18,19,9,42,23,29,35,230,230,228,229,227,223,220,217,214,215,158,166,245,245,245,245,197,94,93,99,100,72,148,146,146,154,221,222,227,228,531,475,564,456]} 1. c4 Nf6 2. Nc3 e5 3. Nf3 Nc6 4. e3 {[%cal Be2e3,Be3e4][%mdl 32]} Bb4 5. Qc2 Bxc3 6. bxc3 d6 {A28: English Opening: Four Knights Variation} (6... O-O 7. Be2 d6 8. d3 Qe7 9. e4 Ne8 10. Ba3 b6 11. O-O f5 12. d4 exd4 13. e5 d3 14. Qxd3 Bb7 15. exd6 Nxd6 {½-½ (27) Harikrishna,P (2738)-Svidler,P (2763) Palma de Mallorca 2017}) 7. e4 O-O 8. g3 {LiveBook: 26 Games} Ne8 {The position is equal.} 9. Nh4 Ne7 10. d3 $146 (10. Bg2 $14) ({Predecessor:} 10. Qb3 Rb8 11. d4 c5 12. dxc5 dxc5 13. Qa3 b6 14. Qxa7 Bb7 {½-½ (40) Suba,M (2535)-Komarov,D (2580) Sovata 1998}) 10... f5 $11 11. exf5 Nxf5 12. Nxf5 Bxf5 13. Bg2 c6 14. h3 Nc7 {[%cal Be8c7,Bc7e6,Be6c5][%mdl 32]} 15. O-O Ne6 16. Be3 Nc5 17. Rad1 Qd7 18. Kh2 Bg6 19. Rd2 Rae8 20. Qd1 b6 21. Re1 h6 22. Bxc5 dxc5 23. Re3 Re6 24. Kg1 Rd6 25. h4 Rd8 {[%cal Rg6d3]} 26. Rxe5 Bxd3 27. Be4 Bxc4 $2 ({Black should try} 27... Kf8 $14) 28. Rxd6 $18 Qxd6 {[#]} 29. Re8+ $1 {[%mdl 512]} Rxe8 30. Qxd6 Rxe4 31. Qxc6 {[%mdl 4096] Endgame KQ-KRB} Re1+ {[#]} 32. Kh2 $1 Bxa2 33. g4 Kh7 (33... Be6 $142) 34. f4 {[%cal Bf2f4,Bf4f5][%mdl 32]} h5 35. f5 (35. gxh5 $6 Bf7) 35... hxg4 {[#]} 36. h5 (36. Qb7 $1 $18 {is more deadly. aiming for f6.} Rf1 37. Qa6 (37. Qxa7 Bc4 $16) 37... Rf2+ 38. Kg3) 36... Bf7 $16 37. Qb7 Kg8 (37... Bxh5 $2 38. f6 $18) 38. Qxa7 Bxh5 (38... Rf1 $142) 39. Qxb6 c4 40. Qd8+ Be8 (40... Kh7 $16 41. Qg5 g3+ 42. Kg2 (42. Qxg3 Re2+ 43. Kh3 Re4 $18) 42... g6 43. fxg6+ (43. Qxg3 Re2+ 44. Kh3 gxf5 $18) 43... Bxg6 44. Qh4+ (44. Qxg3 Re2+ 45. Kf3 Bd3 $16) 44... Kg7 45. Qd4+ (45. Qxg3 Re2+ 46. Kf3 Rc2 $18) (45. Kxg3 Bd3 $16) 45... Kf8 46. Qxc4 (46. Kxg3 Bf7 $18) 46... Ke7 47. Qc5+ Kf6) 41. Kg3 $18 Kh7 42. Qc7 Kg8 $2 (42... Rf1 {is a better chance.} 43. Kxg4 (43. Qxc4 Rxf5 44. Qxg4 Rf6 $18) 43... Rg1+ 44. Kf3 Bh5+ 45. Ke4 Re1+ 46. Kf4 Rg1) 43. Qxc4+ Bf7 44. Qd4 {Precision: White = 70%, Black = 43%.} 1-0

[Event "5th Shamkir Chess 2018"]
[Site "Shamkir"]
[Date "2018.04.26"]
[Round "7"]
[White "Mamedyarov, Shakhriyar"]
[Black "Radjabov, Teimour"]
[Result "1/2-1/2"]
[WhiteElo "2814"]
[BlackElo "2748"]
[Annotator "TA"]
[PlyCount "71"]
[EventDate "2018.??.??"]
[EventType "tourn"]
[EventCountry "AZE"]
[SourceTitle "playchess.com"]
[Source "ChessBase"]
[SourceQuality "1"]

{[%evp 23,71,0,5,0,0,0,5,4,8,19,16,6,6,6,5,9,14,5,5,5,7,1,4,4,3,8,10,3,24,4,10,10,15,0,0,0,3,3,3,3,3,3,3,0,7,0,3,0,7,0]} 1. d4 Nf6 2. c4 g6 3. g3 c6 4. Bg2 d5 5. b3 Bg7 6. Nf3 O-O 7. O-O dxc4 8. bxc4 c5 9. Bb2 cxd4 10. Nxd4 Qb6 11. Qc1 Bd7 {A49: 1 d4 Nf6 2 Nf3 g6 3 g3: Anti-King's Indian systems} 12. Nd2 Nc6 {LiveBook: 8 Games} 13. e3 (13. Nc2 Rac8 14. Rb1 Qa6 15. Bc3 b6 16. Ne3 Rfd8 17. Qb2 Be6 18. Nd5 Ne8 19. Bxg7 Nxg7 {0-1 (56) Giri,A (2785)-So,W (2815) chess.com INT 2017}) 13... Rac8 14. Bc3 Nxd4 15. exd4 {And now Rb1 would win.} Bf5 16. Qa3 Bd3 $146 17. Rfe1 Bxc4 18. Nxc4 Rxc4 19. Rab1 ({Reject} 19. Rxe7 Rfc8 $17) 19... Qa6 20. Qxa6 bxa6 21. Bb4 Rxd4 22. Bxe7 Re8 23. Bc5 Rxe1+ $1 24. Rxe1 Rd2 25. Rb1 {[#] Hoping for Rb8+.} Nd7 (25... Bf8 {keeps more tension.} 26. Bxa7 Rxa2 27. Bd4 Nd7 28. Rb7 Nc5) 26. Bxa7 Bd4 {The position is equal.} 27. Bxd4 Rxd4 $11 {[%mdl 4096] Endgame KRB-KRN} 28. Bf1 Ra4 29. Rb7 Nf8 30. Rb6 Rxa2 31. Rxa6 Rxa6 32. Bxa6 {KB-KN} Ne6 33. Bf1 Nf8 34. Ba6 Ne6 35. Bf1 Nf8 36. Ba6 {Precision: White = 55%, Black = 78%.} 1/2-1/2

[Event "5th Shamkir Chess 2018"]
[Site "Shamkir"]
[Date "2018.04.26"]
[Round "7"]
[White "Navara, David"]
[Black "Ding, Liren"]
[Result "0-1"]
[WhiteElo "2745"]
[BlackElo "2778"]
[Annotator "TA"]
[PlyCount "72"]
[EventDate "2018.??.??"]
[EventType "tourn"]
[EventCountry "AZE"]
[SourceTitle "playchess.com"]
[Source "ChessBase"]
[SourceQuality "1"]

{[%evp 20,72,8,-12,-1,-36,-44,-58,-30,-15,-16,-15,-16,-16,-16,-16,-23,-37,-37,-44,-49,-60,-41,-69,-66,-70,-48,-49,-35,-57,-64,-50,-57,-77,-73,-91,-91,-91,-95,-97,-91,-94,-88,-113,-85,-154,-90,-371,-364,-862,-866,-866,-862,-1244,-1210]} 1. e4 e5 2. Nf3 Nc6 3. Bb5 a6 4. Ba4 Nf6 5. O-O Be7 6. Re1 b5 7. Bb3 O-O 8. a3 d6 9. c3 Na5 10. Ba2 {C90: Closed Ruy Lopez with 7...d6: Early deviations} c5 11. d4 {LiveBook: 6 Games} c4 12. Bg5 $146 {The position is equal.} ({Predecessor:} 12. Nbd2 Bb7 13. Bb1 Qc7 14. Bc2 Rae8 15. d5 Nd7 16. Nf1 Nc5 17. Rb1 Bc8 {0-1 (68) Loskutov,O (2433)-Belozerov,A (2552) Tomsk 2004}) 12... h6 13. Bh4 Bg4 14. h3 Bxf3 15. Qxf3 Nc6 16. d5 Na5 $36 {[%mdl 2048] Black fights for an advantage.} 17. Bxf6 Bxf6 18. Nd2 Bg5 19. Nf1 g6 20. a4 Qe7 21. Bb1 Nb3 22. Ra2 Nc5 23. Bc2 Rfb8 24. g3 h5 ({Of course not} 24... bxa4 $6 25. h4 $14) 25. h4 Bh6 26. axb5 axb5 27. Rea1 Rxa2 28. Rxa2 Kg7 29. Qe2 Rb7 {Threatens to win with ...Ra7.} 30. Qe1 Qc7 31. Kg2 Qb6 32. Kf3 (32. Qd1 $142) 32... Rc7 ({Better is} 32... Nd3 33. Bxd3 cxd3) 33. Kg2 $2 {[%mdl 8192] [#]} (33. Qd1 $17 {was necessary.}) 33... b4 $1 $19 {[%cal Rb4b3][%mdl 512] And now ...b3 would win.} 34. cxb4 $2 (34. Ra1 Nd3 35. Bxd3 cxd3 36. Ne3) 34... Nd3 {Black is clearly winning.} 35. Bxd3 cxd3 36. Ra1 Rc2 {Precision: White = 27%, Black = 66%.} 0-1

[Event "5th Shamkir Chess 2018"]
[Site "Shamkir"]
[Date "2018.04.26"]
[Round "7"]
[White "Wojtaszek, Radoslaw"]
[Black "Karjakin, Sergey"]
[Result "1/2-1/2"]
[WhiteElo "2744"]
[BlackElo "2778"]
[Annotator "TA"]
[PlyCount "92"]
[EventDate "2018.??.??"]
[EventType "tourn"]
[EventCountry "AZE"]
[SourceTitle "playchess.com"]
[Source "ChessBase"]
[SourceQuality "1"]

{[%evp 13,92,5,15,19,19,21,14,14,14,14,13,11,8,9,22,14,20,20,54,18,18,10,10,0,23,0,4,8,20,-20,-20,-19,-20,-20,-6,-13,-18,-20,-12,-19,-19,-21,-21,-21,-20,-25,-20,-33,-20,-6,0,-16,0,0,0,0,0,0,0,0,226,0,0,0,0,-10,-11,-10,-10,-10,-10,-11,-11,-10,-10,-11,-11,-11,-11,-11,-11]} 1. d4 Nf6 2. c4 e6 3. g3 Bb4+ 4. Nd2 c5 5. a3 Bxd2+ 6. Qxd2 cxd4 7. Nf3 d5 {LiveBook: 17 Games. E00: Catalan Bogo-Indian (3 g3 Bb4+)} 8. Bg2 dxc4 {next ...Nc6 is good for Black.} 9. Qxd4 Qxd4 10. Nxd4 {Black must now prevent Nb5.} O-O 11. Be3 Nd5 12. Rc1 Nxe3 $146 ({Predecessor:} 12... c3 13. b3 Nxe3 14. fxe3 Nd7 15. Rxc3 {½-½ (26) Giri,A (2752)-Karjakin,S (2753) Wijk aan Zee 2018}) 13. fxe3 Nd7 14. Rxc4 Nf6 15. O-O Rd8 16. Rc7 Rb8 17. b4 Rd7 18. Rc4 Rd8 19. Rc7 e5 20. Nb5 Bg4 21. Re1 a6 22. Nc3 Rbc8 23. Rxc8 Rxc8 24. Na4 Rc7 25. h3 Bc8 26. Nb6 Be6 27. a4 h5 28. a5 g6 29. Kf2 Kg7 30. Rd1 Bf5 31. Rd6 {Rxf6! is the strong threat.} Be6 32. Rd1 g5 33. Ke1 Kf8 34. h4 gxh4 35. gxh4 Ke7 36. e4 Nd7 $2 {[#]} (36... Bb3 $11 37. Rb1 Rc3) 37. Nd5+ $2 ({Only move:} 37. Rxd7+ $1 $18 {[%mdl 512]} Rxd7 38. Nxd7 Bxd7 39. Bf3) 37... Bxd5 $1 $11 {The position is equal.} 38. Rxd5 {[%mdl 4096] Endgame KRB-KRN} Rc4 39. Bh3 Nf6 40. Rxe5+ Kd6 41. Rf5 Nxe4 {[%cal Rc4c1]} 42. Kd1 Nc3+ 43. Ke1 Rxh4 44. Bg2 Rxb4 45. Rxf7 Nd5 46. Rh7 {aiming for Rh6+.} Rb5 {Precision: White = 74%, Black = 70%.} 1/2-1/2

[Event "5th Shamkir Chess 2018"]
[Site "Shamkir"]
[Date "2018.04.26"]
[Round "7"]
[White "Mamedov, Rauf"]
[Black "Giri, Anish"]
[Result "1/2-1/2"]
[WhiteElo "2704"]
[BlackElo "2777"]
[Annotator "TA"]
[PlyCount "77"]
[EventDate "2018.??.??"]
[EventType "tourn"]
[EventCountry "AZE"]
[SourceTitle "playchess.com"]
[Source "ChessBase"]
[SourceQuality "1"]

{[%evp 15,77,6,27,10,3,2,32,13,34,12,14,14,22,11,15,9,14,7,27,6,29,25,48,29,18,8,27,1,0,0,10,0,17,5,17,10,11,7,0,0,12,0,0,0,0,-26,-27,-25,-36,-26,-30,-114,-116,-116,-65,-51,0,0,0,0,0,0,0,0]} 1. e4 e5 2. Nf3 Nf6 3. Nxe5 d6 4. Nf3 Nxe4 5. Bd3 Nf6 6. O-O {C42: Petroff Defence: 3 Nxe5 and unusual White 3rd moves} Be7 7. c3 O-O 8. Bc2 Bg4 {LiveBook: 15 Games} (8... c5 9. d4 Be6 10. Bg5 Nbd7 11. Nbd2 h6 12. Bh4 Re8 13. Re1 Qb6 {1-0 (53) Grischuk,A (2772)-Yu,Y (2751) Huaian 2017}) 9. h3 Bh5 10. d4 c6 $146 ({Predecessor:} 10... Re8 11. Re1 Nbd7 12. g4 Bg6 13. Bxg6 hxg6 {½-½ (63) Knoll,H (2361)-Volkmann,F (2455) Hartberg 2003}) 11. Re1 Na6 12. Nbd2 {[%cal Bb1d2,Bd2f1,Bf1g3,Bg3e4][%mdl 32]} Qd7 13. Nf1 Rae8 14. Ng3 Bg6 15. Bxg6 hxg6 16. Qb3 Bd8 (16... Nc7 {keeps more tension.} 17. Bf4 Ne6 18. Ne2 d5 19. Be5 Ne4) 17. Bg5 (17. Bf4 {is interesting.} d5 18. Be5 Qc8 19. Rad1 Bc7 20. Qa4) 17... Nd5 18. Bxd8 Rxd8 19. Ne4 Rfe8 20. Qa3 {Black should prevent Nxd6!} Nf6 21. Nxf6+ gxf6 22. d5 c5 23. Qb3 Kg7 24. c4 Rxe1+ 25. Rxe1 Re8 26. a3 {[#] Rxe8 is the strong threat.} Rxe1+ 27. Nxe1 Nb8 28. Nc2 Qe7 29. Qe3 Qe5 30. Qb3 b6 31. Ne3 f5 {[%cal Bf6f5,Bf5f4][%mdl 32]} 32. Qa4 a6 33. b4 {[#]} (33. g3 $11 {remains equal.}) 33... f4 $1 $17 {[%cal Rf4e3]} 34. Nf1 Kf8 (34... Qe1 $17) 35. bxc5 $15 dxc5 ({Black should play} 35... bxc5 $15 36. Qa5 Ke7) 36. Qb3 $36 {[%mdl 2048] The position is equal. White is pushing.} Nd7 37. Qa4 Nb8 38. Qb3 Nd7 39. Qa4 {Precision: White = 45%, Black = 58%.} 1/2-1/2